| 000 | 01115cam a2200241 4500 | ||
|---|---|---|---|
| 001 | ##L131484 | ||
| 008 | #DATE n2005 000 0 eng u | ||
| 020 | _a0406969507 | ||
| 035 | _a(Sirsi) u131484 | ||
| 041 | 0 | _aeng | |
| 050 | 0 | 4 | _a346.4104342 |
| 245 | 0 | 0 | _aButterworths residential landlord and tenant handbook |
| 250 | _a3rd ed. | ||
| 260 |
_aLondon _bLexisNexis Butterworths _c2005 |
||
| 300 |
_axvii, 1454p. _c25cm. |
||
| 350 | _a55 | ||
| 520 | _aReference guide for practioners in leasehold enfranchisement, the right to buy, assured, secure and protected tenancies, disrepair and other areas of landlord and tenant law. Incorporates major legislative developments since 1988, including the Commonhold and Leasehold Reform Act 2002 and the Housing Act 2004, and the subordinate legislation deriving from these Acts. | ||
| 520 | _aSuperceded by fourth edition (ISBN 9781405725415). Supercedes second edition (ISBN 0406982228) | ||
| 590 | _aIKA081105 | ||
| 690 | _aPROPERTY-RESIDENTIAL PROPERTY-RESIDENTIAL LANDLORD AND TENANT-RESIDENTIAL TENANCIES | ||
| 700 | 1 | 0 | _aDriscoll, James |
| 942 | _n0 | ||
| 999 |
_c104773 _d104773 |
||